Mountain rescue (Record no. 79771)

MARC details
000 -LEADER
fixed length control field 00651cab a22001935a 4500
001 - CONTROL NUMBER
control field L142324
008 - FIXED-LENGTH DATA ELEMENTS--GENERAL INFORMATION
fixed length control field 080205s2008 xxkeo f 000 0 eng d
035 ## - SYSTEM CONTROL NUMBER
System control number (Sirsi) u142324
041 0# - LANGUAGE CODE
Language code of text/sound track or separate title eng
100 1# - MAIN ENTRY--PERSONAL NAME
Personal name Young, Eleanor
245 00 - TITLE STATEMENT
Title Mountain rescue
260 ## - PUBLICATION, DISTRIBUTION, ETC.
Date of publication, distribution, etc. 2008
490 ## - SERIES STATEMENT
Series statement RIBA Journal
Volume/sequential designation 115(2) February 2008, 52-58(6)
520 ## - SUMMARY, ETC.
Summary, etc. Reports on the design, architecture and costing of Everest Community College in Basingstoke. Contains brief building costs, layout plans and specifications. The total cost was £21 532 368.
590 ## - LOCAL NOTE (RLIN)
Local note KA
651 #4 - SUBJECT ADDED ENTRY--GEOGRAPHIC NAME
Geographic name United Kingdom
Chronological subdivision
690 ## - LOCAL SUBJECT ADDED ENTRY--TOPICAL TERM (OCLC, RLIN)
Topical term or geographic name as entry element BUILT ENVIRONMENT-BUILDING COSTS
942 ## - ADDED ENTRY ELEMENTS (KOHA)
Suppress in OPAC 0
Holdings
Withdrawn status Lost status Source of classification or shelving scheme Damaged status Not for loan Home library Current library Shelving location Date acquired Total Checkouts Full call number Barcode Date last seen Copy number Price effective from Koha item type
    Dewey Decimal Classification     London London Journal article 05/02/2008   L142324 142324-1001 06/08/2019 1 06/08/2019 Journal article